000 00728nam a2200229Ii 4500
003 JO-AjNU
008 230605s9999||||xx |||||||||||||| ||und||
017 _a2008/9/3221
020 _a978-9957-122-31-7
040 _aJO-AjNU
_bara
_erda
_cJO-AjNU
041 _aara
050 1 4 _aPJ7838 2009
100 3 _aالسلمان، محمود,
_eauthor
_949290
245 0 0 _aلقاء البحر
250 _aط1
264 3 1 _aعمان: دار اليازوري للنشر والتوزيع، دروب للنشر والتوزيع، 2009
300 _a207ص
336 _atext
_btxt
_2rdacontent
337 _aunmediated
_bn
_2rdamedia
338 _avolume
_bnc
_2rdacarrier
650 4 _aروايات - ادب فلسطبني
_949291
999 _aA21640
_c25208
_d25208